000 00451cam a2200169ua 4500
003 OSt
008 250106b |||||||| |||| 00| 0 eng d
041 _aeng
082 _a621.381
_bZBA/BA
100 _aZbar, Paul B .
_96798
245 _aBasic electronics : a text-lab manual /
250 _a5 /
260 _aNew Delhi :
_bTata Mc-Graw Hill Publishing Company ,
_c1990.
300 _a338 ; .
700 1 _aMalvino, Albert P .
_96799
942 _cBK
999 _c111
_d111